A dictionary of economics. (Record no. 22358)
[ view plain ]
| 000 -LEADER | |
|---|---|
| fixed length control field | 01091cam a22003495a 4500 |
| 001 - CONTROL NUMBER | |
| control field | 015969124 |
| 003 - CONTROL NUMBER IDENTIFIER | |
| control field | Uk |
| 005 - DATE AND TIME OF LATEST TRANSACTION | |
| control field | 20160918133855.0 |
| 008 - FIXED-LENGTH DATA ELEMENTS--GENERAL INFORMATION | |
| fixed length control field | 111111r20132012enk frd 000 0 eng|d |
| 015 ## - NATIONAL BIBLIOGRAPHY NUMBER | |
| National bibliography number | GBB1D1185 |
| Source | bnb |
| 016 7# - NATIONAL BIBLIOGRAPHIC AGENCY CONTROL NUMBER | |
| Record control number | 015969124 |
| Source | Uk |
| 020 ## - INTERNATIONAL STANDARD BOOK NUMBER | |
| International Standard Book Number | 9780199696321 (pbk.) |
| 020 ## - INTERNATIONAL STANDARD BOOK NUMBER | |
| International Standard Book Number | 0199696322 (pbk.) |
| 040 ## - CATALOGING SOURCE | |
| Original cataloging agency | StDuBDS |
| Language of cataloging | eng |
| Transcribing agency | StDuBDS |
| Modifying agency | EG-ScBUE |
| 042 ## - AUTHENTICATION CODE | |
| Authentication code | ukscp |
| 082 04 - DEWEY DECIMAL CLASSIFICATION NUMBER | |
| Edition number | 22 |
| Classification number | 330.03 |
| Item number | DIC |
| 245 02 - TITLE STATEMENT | |
| Title | A dictionary of economics. |
| Statement of responsibility, etc | [edited by] John Black, Nigar Hashimzade, Gareth Myles. |
| 246 14 - VARYING FORM OF TITLE | |
| Title proper/short title | Oxford dictionary of economics |
| 250 ## - EDITION STATEMENT | |
| Edition statement | 4th ed. |
| 260 ## - PUBLICATION, DISTRIBUTION, ETC. (IMPRINT) | |
| Place of publication, distribution, etc | Oxford : |
| Name of publisher, distributor, etc | Oxford University Press, |
| Date of publication, distribution, etc | 2013. |
| 300 ## - PHYSICAL DESCRIPTION | |
| Extent | 464 p. ; |
| Dimensions | 20 cm. |
| 490 0# - Series Statement | |
| Series statement | Oxford paperback reference |
| 500 ## - GENERAL NOTE | |
| General note | Reprinted of the 2012 ed. |
| 650 #7 - SUBJECT ADDED ENTRY--TOPICAL TERM | |
| Topical term or geographic name as entry element | Economics |
| Form subdivision | Dictionaries |
| Source of heading or term | BUEsh |
| 9 (RLIN) | 14371 |
| 651 ## - SUBJECT ADDED ENTRY--GEOGRAPHIC NAME | |
| Source of heading or term | BUEsh |
| 653 ## - INDEX TERM--UNCONTROLLED | |
| Resource For college | Humanities: English |
| Arrived date list | September2016 |
| 653 ## - INDEX TERM--UNCONTROLLED | |
| Resource For college | BAEPS, Economics |
| Arrived date list | September2016 |
| 700 1# - ADDED ENTRY--PERSONAL NAME | |
| Personal name | Black, John, |
| Dates associated with a name | 1931- |
| 9 (RLIN) | 19519 |
| 700 1# - ADDED ENTRY--PERSONAL NAME | |
| Personal name | Hashimzade, Nigar. |
| 9 (RLIN) | 41107 |
| 700 1# - ADDED ENTRY--PERSONAL NAME | |
| Personal name | Myles, Gareth D. |
| 9 (RLIN) | 41108 |
| 942 ## - ADDED ENTRY ELEMENTS (KOHA) | |
| Source of classification or shelving scheme | Dewey Decimal Classification |
| Edition | 22 |
| Call number prefix | 330.03 DIC |
| Withdrawn status | Item status | Source of classification or shelving scheme | Damaged status | Not for loan | Vendor | Home library | Current library | Shelving location | Date acquired | Source of acquisition | Cost, normal purchase price | Serial Enumeration / chronology | Total Checkouts | Full call number | Barcode | Date last seen | Cost, replacement price | Koha item type |
|---|---|---|---|---|---|---|---|---|---|---|---|---|---|---|---|---|---|---|
| Dewey Decimal Classification | Baccah | Central Library | Central Library | Ground Floor | 18/09/2016 | Purchase | 168.00 | 26103 | 330.03 DIC | 000033434 | 15/07/2025 | 210.00 | Reference (NB) |